| 000 | 01057nam a2200313 c 4500 | ||
|---|---|---|---|
| 003 | BLK | ||
| 005 | 20180420213758.0 | ||
| 008 | 180412b bul|||||r ||||||| ||bul|| | ||
| 010 | _aKNG00005255000 | ||
| 040 | _aBLK | ||
| 041 |
_aBUL _cBUL |
||
| 080 |
_aОбща част _b347.1 _x(497.2) _z347.1(497.2) |
||
| 100 | 1 |
_aХристов, Веселин _eпърви автор _9248271 |
|
| 139 |
_aХристов, Веселин _bХ 78 |
||
| 245 | 1 | 0 |
_aЛични права според българското гражданско право _cВеселин Христов. |
| 257 | _aBGR | ||
| 260 |
_аБургас _bБургаски свободен унив. _c1994 _fЯмбол : Светлина |
||
| 300 |
_a184 с. _c20 см |
||
| 380 | _a3 | ||
| 500 | _a3 000 тир. | ||
| 650 | 4 |
_aГражданско право - България _9248272 |
|
| 651 | 4 |
_aБългария _9241624 |
|
| 653 | _aправа | ||
| 852 | _aЦб 179815 | ||
| 856 | 4 |
_qpdf _u |
|
| 856 | 4 |
_qpdf _u |
|
| 942 |
_cKNG _n0 |
||
| 944 |
_aCR _c15.01.2003 _kКети_Илиева |
||
| 944 |
_aED _c12.08.2005 _k |
||
| 999 |
_c4124 _d4124 |
||